<?xml version="1.0" encoding="UTF-8"?>
<record
    xmlns:xsi="http://www.w3.org/2001/XMLSchema-instance"
    xsi:schemaLocation="http://www.loc.gov/MARC21/slim http://www.loc.gov/standards/marcxml/schema/MARC21slim.xsd"
    xmlns="http://www.loc.gov/MARC21/slim">

  <leader>01096nam a22002417a 4500</leader>
  <controlfield tag="003">3228</controlfield>
  <controlfield tag="005">20250917135030.0</controlfield>
  <controlfield tag="008">250917b        sa ||||| |||| 00| 0 eng d</controlfield>
  <datafield tag="020" ind1=" " ind2=" ">
    <subfield code="a">9780198481300 (paperback)</subfield>
  </datafield>
  <datafield tag="040" ind1=" " ind2=" ">
    <subfield code="a">MPL</subfield>
    <subfield code="b">English</subfield>
    <subfield code="c">3228</subfield>
    <subfield code="e">rda</subfield>
  </datafield>
  <datafield tag="041" ind1=" " ind2=" ">
    <subfield code="a">English</subfield>
  </datafield>
  <datafield tag="082" ind1=" " ind2="0">
    <subfield code="a">KF 823 HUNT</subfield>
  </datafield>
  <datafield tag="100" ind1=" " ind2=" ">
    <subfield code="9">196609</subfield>
    <subfield code="a">Hunt, Roderick</subfield>
    <subfield code="e">Author</subfield>
  </datafield>
  <datafield tag="245" ind1=" " ind2=" ">
    <subfield code="a">The hole in the sand / </subfield>
    <subfield code="c">Roderick Hunt, Thelma Page ; illustrated by Alex Brychta.</subfield>
  </datafield>
  <datafield tag="260" ind1=" " ind2=" ">
    <subfield code="a">Oxford : </subfield>
    <subfield code="b">Oxford University Press,</subfield>
    <subfield code="c">2003.</subfield>
  </datafield>
  <datafield tag="300" ind1=" " ind2=" ">
    <subfield code="a">16 pages. : </subfield>
    <subfield code="b">chiefly color illustrations ; </subfield>
    <subfield code="c">20 cm.</subfield>
  </datafield>
  <datafield tag="490" ind1=" " ind2=" ">
    <subfield code="a"> Oxford reading tree. Stage 2, First sentences</subfield>
  </datafield>
  <datafield tag="500" ind1=" " ind2=" ">
    <subfield code="a">
The Stage 2 Biff, Chip and Kipper stories provide a rich story context to help develop language comprehension and decoding skills. First Sentences provide practice of high frequency vocabulary with highly repetitive text to continue to build fluency.
Key Stage 1.
Pre-adolescent.</subfield>
  </datafield>
  <datafield tag="650" ind1=" " ind2="0">
    <subfield code="9">196611</subfield>
    <subfield code="a">Children stories</subfield>
    <subfield code="v">English</subfield>
  </datafield>
  <datafield tag="700" ind1=" " ind2=" ">
    <subfield code="9">196613</subfield>
    <subfield code="a">Alex, Brychta</subfield>
    <subfield code="e">Author</subfield>
  </datafield>
  <datafield tag="700" ind1=" " ind2=" ">
    <subfield code="9">187866</subfield>
    <subfield code="a">Hunt, Roderick</subfield>
    <subfield code="e">Author</subfield>
  </datafield>
  <datafield tag="942" ind1=" " ind2=" ">
    <subfield code="2">ddc</subfield>
    <subfield code="c">BOOK</subfield>
    <subfield code="w">5815</subfield>
    <subfield code="x">Pontsho Maoko</subfield>
    <subfield code="y">5815</subfield>
    <subfield code="z">Pontsho Maoko</subfield>
  </datafield>
  <datafield tag="999" ind1=" " ind2=" ">
    <subfield code="c">785925</subfield>
    <subfield code="d">785924</subfield>
  </datafield>
  <datafield tag="952" ind1=" " ind2=" ">
    <subfield code="0">0</subfield>
    <subfield code="1">0</subfield>
    <subfield code="2">ddc</subfield>
    <subfield code="4">0</subfield>
    <subfield code="7">0</subfield>
    <subfield code="8">800</subfield>
    <subfield code="a">KWAML</subfield>
    <subfield code="b">PHUML</subfield>
    <subfield code="c">FIC</subfield>
    <subfield code="d">2025-09-17</subfield>
    <subfield code="l">0</subfield>
    <subfield code="o">KF 823 HUNT</subfield>
    <subfield code="p">33228031084111</subfield>
    <subfield code="r">2025-09-17</subfield>
    <subfield code="w">2025-09-17</subfield>
    <subfield code="y">BOOK</subfield>
  </datafield>
  <datafield tag="952" ind1=" " ind2=" ">
    <subfield code="0">0</subfield>
    <subfield code="1">0</subfield>
    <subfield code="2">ddc</subfield>
    <subfield code="4">0</subfield>
    <subfield code="7">0</subfield>
    <subfield code="8">800</subfield>
    <subfield code="a">KWAML</subfield>
    <subfield code="b">PHUML</subfield>
    <subfield code="c">FIC</subfield>
    <subfield code="d">2025-09-17</subfield>
    <subfield code="l">0</subfield>
    <subfield code="o">KF 823 HUNT</subfield>
    <subfield code="p">33228031084112</subfield>
    <subfield code="r">2025-09-17</subfield>
    <subfield code="w">2025-09-17</subfield>
    <subfield code="y">BOOK</subfield>
  </datafield>
  <datafield tag="952" ind1=" " ind2=" ">
    <subfield code="0">0</subfield>
    <subfield code="1">0</subfield>
    <subfield code="2">ddc</subfield>
    <subfield code="4">0</subfield>
    <subfield code="7">0</subfield>
    <subfield code="8">800</subfield>
    <subfield code="a">KWAML</subfield>
    <subfield code="b">PHUML</subfield>
    <subfield code="c">FIC</subfield>
    <subfield code="d">2025-09-17</subfield>
    <subfield code="l">0</subfield>
    <subfield code="o">KF 823 HUNT</subfield>
    <subfield code="p">33228031084113</subfield>
    <subfield code="r">2025-09-17</subfield>
    <subfield code="w">2025-09-17</subfield>
    <subfield code="y">BOOK</subfield>
  </datafield>
  <datafield tag="952" ind1=" " ind2=" ">
    <subfield code="0">0</subfield>
    <subfield code="1">0</subfield>
    <subfield code="2">ddc</subfield>
    <subfield code="4">0</subfield>
    <subfield code="7">0</subfield>
    <subfield code="8">800</subfield>
    <subfield code="a">KWAML</subfield>
    <subfield code="b">PHUML</subfield>
    <subfield code="c">FIC</subfield>
    <subfield code="d">2025-09-17</subfield>
    <subfield code="l">0</subfield>
    <subfield code="o">KF 823 HUNT</subfield>
    <subfield code="p">33228031084114</subfield>
    <subfield code="r">2025-09-17</subfield>
    <subfield code="w">2025-09-17</subfield>
    <subfield code="y">BOOK</subfield>
  </datafield>
  <datafield tag="952" ind1=" " ind2=" ">
    <subfield code="0">0</subfield>
    <subfield code="1">0</subfield>
    <subfield code="2">ddc</subfield>
    <subfield code="4">0</subfield>
    <subfield code="7">0</subfield>
    <subfield code="8">Nursery </subfield>
    <subfield code="a">KWAML</subfield>
    <subfield code="b">PHUML</subfield>
    <subfield code="c">Non_Fiction</subfield>
    <subfield code="d">2025-09-22</subfield>
    <subfield code="l">0</subfield>
    <subfield code="o">EKF HUNT</subfield>
    <subfield code="p">33228031084170</subfield>
    <subfield code="r">2025-09-22</subfield>
    <subfield code="w">2025-09-22</subfield>
    <subfield code="y">BOOK</subfield>
  </datafield>
  <datafield tag="952" ind1=" " ind2=" ">
    <subfield code="0">0</subfield>
    <subfield code="1">0</subfield>
    <subfield code="2">ddc</subfield>
    <subfield code="4">0</subfield>
    <subfield code="7">0</subfield>
    <subfield code="8">Nursery </subfield>
    <subfield code="a">KWAML</subfield>
    <subfield code="b">PHUML</subfield>
    <subfield code="c">CHILD</subfield>
    <subfield code="d">2025-09-22</subfield>
    <subfield code="l">0</subfield>
    <subfield code="o">EKF HUNT</subfield>
    <subfield code="p">33228031084176</subfield>
    <subfield code="r">2025-09-22</subfield>
    <subfield code="w">2025-09-22</subfield>
    <subfield code="y">BOOK</subfield>
  </datafield>
</record>
